|
|
|
|
| LEADER |
00000naa0a2200000 4500 |
| 001 |
594229 |
| 005 |
20250203154841.0 |
| 035 |
|
|
|a (RuTPU)RU\TPU\tpu\8649
|
| 035 |
|
|
|a RU\TPU\tpu\8633
|
| 090 |
|
|
|a 594229
|
| 100 |
|
|
|a 20020521d1986 k y0rusy50 ca
|
| 101 |
0 |
|
|a rus
|
| 102 |
|
|
|a RU
|
| 200 |
1 |
|
|a Оптимальная влажность прессования стекольных шихт
|f Л. Г. Лотова [и др.]
|
| 300 |
|
|
|a Деп. в ОНИИТЭХИМ, г. Черкассы, 18.07.86, № 897-ХП-86.
|
| 463 |
|
|
|t Методы исследования в химии и химической технологии
|o материлы научно-практической конференции (Томск, 20-22 мая 1986)
|o секция "Процессы, машины и аппараты химических производств"
|v С. 49-52
|d 1986
|
| 610 |
1 |
|
|a труды учёных ТПУ
|
| 701 |
|
1 |
|a Лотова
|b Л. Г.
|c кандидат технических наук
|c ХТФ
|f 1941-
|3 (RuTPU)RU\TPU\pers\3685
|
| 701 |
|
1 |
|a Трофимов
|b В. А.
|c кандидат технических наук
|c ХТФ
|f 1937-
|3 (RuTPU)RU\TPU\pers\3683
|
| 701 |
|
1 |
|a Тихонов
|b В. В.
|c ХТФ
|3 (RuTPU)RU\TPU\pers\3813
|
| 701 |
|
1 |
|a Хозлякова
|b И. Н.
|c ХТФ
|3 (RuTPU)RU\TPU\pers\3814
|
| 801 |
|
2 |
|a RU
|b 63413507
|c 20100129
|g PSBO
|
| 942 |
|
|
|c BK
|